Going abroad : (Record no. 126733)

MARC details
000 -LEADER
fixed length control field 00640nam a22002177a 4500
005 - DATE AND TIME OF LATEST TRANSACTION
control field 20170124110014.0
010 ## - LIBRARY OF CONGRESS CONTROL NUMBER
LC control number A-372019
020 ## - INTERNATIONAL STANDARD BOOK NUMBER
Terms of availability 00.00
International Standard Book Number 8170940346
035 ## - SYSTEM CONTROL NUMBER
System control number A-372019
037 ## - SOURCE OF ACQUISITION
Source of stock number/acquisition Cen Lib/ Ret
040 ## - CATALOGING SOURCE
Original cataloging agency DPL
Language of cataloging EN
082 ## - DEWEY DECIMAL CLASSIFICATION NUMBER
Classification number 350.817
Item number WAD
100 ## - MAIN ENTRY--PERSONAL NAME
Personal name Wadhwa, Rakesh
9 (RLIN) 18332
245 ## - TITLE STATEMENT
Title Going abroad :
Statement of responsibility, etc by Rakesh Wadhwa
Remainder of title how to work study or settle overseas /
260 ## - PUBLICATION, DISTRIBUTION, ETC. (IMPRINT)
Place of publication, distribution, etc New Delhi
Name of publisher, distributor, etc Vision books
Date of publication, distribution, etc 1989
270 ## - ADDRESS
City New Delhi
Address 36C cannuaght place
300 ## - PHYSICAL DESCRIPTION
Extent 96p.
Dimensions 22cm(Hb)
650 ## - SUBJECT ADDED ENTRY--TOPICAL TERM
Topical term or geographic name as entry element Education
9 (RLIN) 1169
650 ## - SUBJECT ADDED ENTRY--TOPICAL TERM
Topical term or geographic name as entry element Higher education
9 (RLIN) 10182
942 ## - ADDED ENTRY ELEMENTS (KOHA)
Source of classification or shelving scheme Dewey Decimal Classification
Koha item type English Books
Classification part 350.817
Call number suffix WAD
Holdings
Withdrawn status Lost status Damaged status Not for loan Home library Current library Date acquired Source of acquisition Cost, normal purchase price Total Checkouts Full call number Barcode Date last seen Copy number Cost, replacement price Price effective from Koha item type Public note
Written off       Central Library Central Library 26/06/2015 Cen Lib/Ret 0.00   350.817 WAD A-372019 26/06/2015 1 0.00 15/09/2016 English Books W/d List No. 6891/11 ; dtd 14/09/2020

© Delhi Public Library
Hit Counter
free hit counter